000 00339nam a22001337a 4500
008 180302b xxu||||| |||| 00| 0 eng d
020 _a082477051-X
041 _aeng
080 _a612.39
100 _a10
101 _aNUT
245 _aHandbook of vitamins nutritional, biochemical, and clinical aspects
_cMachlin,L,J
942 _2udc
_cBK
999 _c43912
_d43912